विक्रमोर्वशियनाटकस्य समीक्षात्मकमध्ययनम् (Record no. 1435558)
[ view plain ]
| 000 -LEADER | |
|---|---|
| fixed length control field | 01171 a2200253 4500 |
| 005 - DATE AND TIME OF LATEST TRANSACTION | |
| control field | 20251212165051.0 |
| 008 - FIXED-LENGTH DATA ELEMENTS--GENERAL INFORMATION | |
| fixed length control field | 251212b |||||||| |||| 00| 0 eng d |
| 020 ## - INTERNATIONAL STANDARD BOOK NUMBER | |
| International Standard Book Number | 9788177025262 (hbk) |
| 037 ## - SOURCE OF ACQUISITION | |
| Terms of availability | TB |
| 040 ## - CATALOGING SOURCE | |
| Original cataloging agency | CRL |
| Transcribing agency | CRL |
| 041 ## - LANGUAGE CODE | |
| Source of code | hin |
| Language code of text/sound track or separate title | hin |
| Language code of original | san |
| 084 ## - COLON CLASSIFICATION NUMBER | |
| Classification number | O15,2D40,3 R4 |
| Assigning agency | CRL |
| 245 ## - TITLE STATEMENT | |
| Title | विक्रमोर्वशियनाटकस्य समीक्षात्मकमध्ययनम् |
| 260 ## - PUBLICATION, DISTRIBUTION, ETC. | |
| Place of publication, distribution, etc. | दिल्ली, भारत: |
| Name of publisher, distributor, etc. | प्रतिभा प्रकाशन, |
| Date of publication, distribution, etc. | 2024. |
| 300 ## - PHYSICAL DESCRIPTION | |
| Extent | 146पृ. |
| 365 ## - TRADE PRICE | |
| Price amount | 550.00 |
| Currency code | INR |
| 650 ## - SUBJECT ADDED ENTRY--TOPICAL TERM | |
| Topical term or geographic name entry element | संस्कृत नाटक |
| 9 (RLIN) | 856473 |
| 650 ## - SUBJECT ADDED ENTRY--TOPICAL TERM | |
| Topical term or geographic name entry element | संस्कृत साहित्य |
| 9 (RLIN) | 856474 |
| 650 ## - SUBJECT ADDED ENTRY--TOPICAL TERM | |
| Topical term or geographic name entry element | कालिदास |
| 9 (RLIN) | 856475 |
| 650 ## - SUBJECT ADDED ENTRY--TOPICAL TERM | |
| Topical term or geographic name entry element | विक्रमोर्वशिय |
| 9 (RLIN) | 856476 |
| 700 ## - ADDED ENTRY--PERSONAL NAME | |
| Personal name | राय, शिप्रा |
| Relator term | सम्पादक |
| 9 (RLIN) | 856477 |
| 942 ## - ADDED ENTRY ELEMENTS (KOHA) | |
| Koha item type | Textbook |
| Source of classification or shelving scheme | Colon Classification (CC) |
| Suppress in OPAC | No |
| Classification part | O15,2D40,3 R4 |
| Withdrawn status | Lost status | Source of classification or shelving scheme | Damaged status | Not for loan | Home library | Current library | Date acquired | Source of acquisition | Cost, normal purchase price | Inventory number | Total Checkouts | Full call number | Barcode | Date last seen | Cost, replacement price | Price effective from | Koha item type |
|---|---|---|---|---|---|---|---|---|---|---|---|---|---|---|---|---|---|
| Colon Classification (CC) | Central Library | Central Library | 2025-11-03 | 82/ प्रतिभा प्रकाशन | 440.00 | 181 & 2025-10-28 | O15,2D40,3 R4 | CL1924438 | 2025-11-03 | 550.00 | 2025-11-03 | Textbook |
